| 000 | 00467cam a22001097a 4500 | ||
|---|---|---|---|
| 008 | 180718b1965 xxu||||| |||| 00| 0 eng d | ||
| 082 | _aQ5 x54 In2 | ||
| 245 |
_aSocial security in India : a guide to the employees state insurance and provident fund schemes _cbyLabour Bureau Ministry of Labour, Employment And Rehabilitation, Delhi |
||
| 260 |
_aDelhi _bManager of Publication _c1965 |
||
| 300 | _a39p. | ||
| 700 | _aIndia. Ministry of Labour, Employment And Rehabilitation | ||
| 999 |
_c495482 _d495482 |
||